[Event "FIDE Chesscom Grand Swiss 2019"]
[Site "Douglas-Isle of Man"]
[Date "2019.10.15"]
[Round "6.33"]
[White "Gukesh D"]
[Black "Houska, Jovanka"]
[Result "1-0"]
[WhiteElo "2520"]
[BlackElo "2430"]
[Annotator "ChessBase"]
[PlyCount "61"]
[EventDate "2019.10.10"]
[EventType "swiss"]
[EventCountry "GBR"]
[SourceTitle "playchess.com"]
[Source "ChessBase"]
[SourceQuality "1"]
[TimeControl "40/6000+30:20/3000+30:900+30"]

1. e4 {[%emt 0:00:00]} c6 {[%emt 0:00:00]} 2. d4 {[%emt 0:00:02]} d5 {[%emt 0:00:00]} 3. e5 {[%emt 0:00:14]} Bf5 {[%emt 0:00:36]} 4. Nf3 {[%emt 0:00:13]} e6 {[%emt 0:00:09]} 5. Be2 {[%emt 0:00:07]} Ne7 {[%emt 0:00:26]} 6. O-O {[%emt 0:01:40]} c5 {[%emt 0:00:02]} 7. Na3 {[%emt 0:10:53]} Nec6 {[%emt 0:00:44]} 8. c4 {[%emt 0:07:43]} Be4 {[%emt 0:03:10]} 9. Nb5 {[%emt 0:19:00]} Nd7 {[%emt 0:23:08]} 10. Bg5 {[%emt 0:18:19]} Qb8 {[%emt 0:04:31]} 11. Rc1 {[%emt 0:05:05]} dxc4 {[%emt 0:28:03]} 12. Nd2 {[%emt 0:15:48]} Bd5 {[%emt 0:00:27]} 13. Bxc4 {[%emt 0:01:50]} a6 {[%emt 0:05:18]} 14. Nd6+ {[%emt 0:04:26]} Bxd6 {[%emt 0:00:07]} 15. Bxd5 {[%emt 0:00:04]} exd5 {[%emt 0:33:29]} 16. exd6 {[%emt 0:00:11]} Nxd4 {[%emt 0:01:53]} 17. Re1+ {[%emt 0:03:20]} Kf8 {[%emt 0:01:05]} 18. Nf3 {[%emt 0:05:07]} Qxd6 {[%emt 0:03:51]} 19. Be7+ {[%emt 0:01:05]} Qxe7 {[%emt 0:00:05]} 20. Rxe7 {[%emt 0:00:04]} Kxe7 {[%emt 0:00:31]} 21. Nxd4 {[%emt 0:00:10]} cxd4 {[%emt 0:00:04]} 22. Qxd4 {[%emt 0:00:10]} Rhc8 {[%emt 0:01:16]} 23. Re1+ {[%emt 0:00:55]} Kf8 {[%emt 0:00:16]} 24. Qxd5 {[%emt 0:00:42]} Nc5 {[%emt 0:00:30]} 25. b4 {[%emt 0:00:54]} Ne6 {[%emt 0:00:15]} 26. Qxb7 {[%emt 0:00:14]} Rcb8 {[%emt 0:00:34]} 27. Qe4 {[%emt 0:02:00]} a5 {[%emt 0:00:56]} 28. bxa5 {[%emt 0:01:54]} Rxa5 {[%emt 0:00:29]} 29. Qxh7 {[%emt 0:00:36]} Rb4 {[%emt 0:01:02]} 30. Qh8+ {[%emt 0:01:15]} Ke7 {[%emt 0:00:05]} 31. Qxg7 {[%emt 0:01:02]} 1-0

[Event "FIDE Chesscom Grand Swiss 2019"]
[Site "Douglas-Isle of Man"]
[Date "2019.10.15"]
[Round "6.34"]
[White "Amin, Bassem"]
[Black "Esipenko, Andrey"]
[Result "1-0"]
[WhiteElo "2699"]
[BlackElo "2624"]
[Annotator "RC"]
[PlyCount "57"]
[EventDate "2019.10.10"]
[EventType "swiss"]
[EventCountry "GBR"]
[SourceTitle "playchess.com"]
[Source "ChessBase"]
[SourceQuality "1"]
[TimeControl "40/6000+30:20/3000+30:900+30"]

1. e4 {[%emt 0:04:32]} e5 {[%emt 0:00:00]} 2. Nf3 {[%emt 0:00:54]} Nc6 {[%emt 0:00:00]} 3. Bc4 {[%emt 0:00:40]} Bc5 {[%emt 0:01:15]} 4. O-O {[%emt 0:00:19]} Nf6 {[%emt 0:00:10]} 5. d3 {[%emt 0:00:08]} d6 {[%emt 0:04:41]} 6. c3 {[%emt 0:04:31]} O-O {[%emt 0:01:37]} 7. Re1 {[%emt 0:02:41]} h6 {[%emt 0:00:00]} 8. Nbd2 {[%emt 0:00:40]} a5 {[%emt 0:00:00]} 9. Nf1 {[%emt 0:00:44]} a4 {[%emt 0:00:00]} 10. Ng3 {[%emt 0:02:44]} Ra5 {[%emt 0:01:50]} 11. d4 {[%emt 0:08:10]} Bb6 {[%emt 0:12:24]} 12. h3 {[%emt 0:13:45]} exd4 {[%emt 0:04:40]} 13. cxd4 {[%emt 0:00:15]} d5 {[%emt 0:05:49]} 14. exd5 {[%emt 0:00:20]} Nxd5 {[%emt 0:00:06]} 15. a3 {[%emt 0:08:25]} Nce7 {[%emt 0:18:06]} 16. Qd3 {[%emt 0:06:47]} Ra8 {[%emt 0:02:44]} 17. Ba2 {[%emt 0:10:05]} Ng6 {[%emt 0:21:57]} 18. Ne5 {[%emt 0:07:38]} Ndf4 {[%emt 0:06:23]} 19. Bxf4 {[%emt 0:04:04]} Nxf4 {[%emt 0:00:12]} 20. Qf3 {[%emt 0:00:52]} Qxd4 {[%emt 0:13:15]} 21. Rad1 {[%emt 0:05:25]} Qxb2 {[%emt 0:04:40]} 22. Bxf7+ {[%emt 0:01:40]} Rxf7 {[%emt 0:00:05]} 23. Rd8+ {[%emt 0:00:28]} Rf8 {[%emt 0:00:19]} 24. Rxf8+ {[%emt 0:01:12]} Kxf8 {[%emt 0:00:02]} 25. Qxf4+ {[%emt 0:00:17]} Kg8 {[%emt 0:00:03]} 26. Qf7+ {[%emt 0:02:48]} Kh7 {[%emt 0:00:18]} 27. Qg6+ {[%emt 0:00:16]} Kg8 {[%emt 0:00:04]} 28. Nd3 {[%emt 0:01:44]} Bxf2+ {[%emt 0:00:50]} 29. Kh1 {[%emt 0:01:00]} 1-0

[Event "FIDE Chesscom Grand Swiss 2019"]
[Site "Douglas-Isle of Man"]
[Date "2019.10.15"]
[Round "6.34"]
[White "Rakotomaharo, Fy Antenaina"]
[Black "Kashlinskaya, Alina"]
[Result "1/2-1/2"]
[WhiteElo "2428"]
[BlackElo "2481"]
[Annotator "RC"]
[PlyCount "69"]
[EventDate "2019.10.10"]
[EventType "swiss"]
[EventCountry "GBR"]
[SourceTitle "playchess.com"]
[Source "ChessBase"]
[SourceQuality "1"]
[TimeControl "40/6000+30:20/3000+30:900+30"]

1. e4 {[%emt 0:00:15]} e5 {[%emt 0:00:00]} 2. Nf3 {[%emt 0:00:06]} Nf6 {[%emt 0:00:00]} 3. Nc3 {[%emt 0:00:24]} Nc6 {[%emt 0:00:00]} 4. Bb5 {[%emt 0:00:05]} Nd4 {[%emt 0:00:07]} 5. Bc4 {[%emt 0:00:07]} Bc5 {[%emt 0:00:23]} 6. d3 {[%emt 0:00:12]} d6 {[%emt 0:00:27]} 7. Na4 {[%emt 0:00:14]} b5 {[%emt 0:00:51]} 8. Nxd4 {[%emt 0:00:07]} bxc4 {[%emt 0:00:07]} 9. Nf5 {[%emt 0:00:04]} Bxf5 {[%emt 0:00:53]} 10. exf5 {[%emt 0:00:05]} cxd3 {[%emt 0:00:54]} 11. Nxc5 {[%emt 0:00:22]} dxc5 {[%emt 0:00:26]} 12. Qxd3 {[%emt 0:01:49]} Qxd3 {[%emt 0:01:02]} 13. cxd3 {[%emt 0:00:04]} O-O-O {[%emt 0:02:10]} 14. Ke2 {[%emt 0:00:06]} Nd5 {[%emt 0:01:55]} 15. Rd1 {[%emt 0:02:53]} Rd6 {[%emt 0:00:37]} 16. Bg5 {[%emt 0:02:03]} h6 {[%emt 0:17:21]} 17. Be3 {[%emt 0:09:05]} Nf4+ {[%emt 0:03:53]} 18. Bxf4 {[%emt 0:16:20]} exf4 {[%emt 0:00:17]} 19. Rac1 {[%emt 0:00:04]} Rd5 {[%emt 0:11:38]} 20. Rc4 {[%emt 0:01:10]} Rxf5 {[%emt 0:08:12]} 21. Kf3 {[%emt 0:05:50]} Re8 {[%emt 0:02:08]} 22. Rdc1 {[%emt 0:04:03]} Rd5 {[%emt 0:02:15]} 23. R1c3 {[%emt 0:04:34]} Red8 {[%emt 0:01:45]} 24. Rxf4 {[%emt 0:05:44]} Rxd3+ {[%emt 0:01:17]} 25. Rxd3 {[%emt 0:00:04]} Rxd3+ {[%emt 0:00:07]} 26. Ke2 {[%emt 0:00:03]} Rd7 {[%emt 0:00:15]} 27. Rf5 {[%emt 0:00:10]} c4 {[%emt 0:03:52]} 28. Rf4 {[%emt 0:09:08]} c3 {[%emt 0:00:18]} 29. bxc3 {[%emt 0:00:04]} Kb7 {[%emt 0:00:21]} 30. h4 {[%emt 0:01:58]} f6 {[%emt 0:22:04]} 31. Ke3 {[%emt 0:06:54]} Rd5 {[%emt 0:06:42]} 32. Rb4+ {[%emt 0:02:59]} Kc6 {[%emt 0:00:25]} 33. Rc4+ {[%emt 0:00:11]} Kb6 {[%emt 0:02:48]} 34. a4 {[%emt 0:18:56]} c5 {[%emt 0:08:55]} 35. Ke4 {[%emt 0:08:30]} 1/2-1/2

[Event "FIDE Chesscom Grand Swiss 2019"]
[Site "Douglas-Isle of Man"]
[Date "2019.10.15"]
[Round "6.35"]
[White "Movsziszian, Karen"]
[Black "Soumya, Swaminathan"]
[Result "1/2-1/2"]
[WhiteElo "2475"]
[BlackElo "2365"]
[Annotator "ChessBase"]
[PlyCount "94"]
[EventDate "2019.10.10"]
[EventType "swiss"]
[EventCountry "GBR"]
[SourceTitle "playchess.com"]
[Source "ChessBase"]
[SourceQuality "1"]
[TimeControl "40/6000+30:20/3000+30:900+30"]

1. g3 {[%emt 0:00:01]} c5 {[%emt 0:00:00]} 2. Bg2 {[%emt 0:00:30]} Nc6 {[%emt 0:00:00]} 3. d3 {[%emt 0:00:56]} d5 {[%emt 0:01:06]} 4. Nd2 {[%emt 0:00:25]} Nf6 {[%emt 0:02:03]} 5. e4 {[%emt 0:00:05]} e5 {[%emt 0:00:39]} 6. Ngf3 {[%emt 0:02:36]} Be7 {[%emt 0:01:18]} 7. O-O {[%emt 0:00:06]} d4 {[%emt 0:00:46]} 8. Nc4 {[%emt 0:00:16]} Qc7 {[%emt 0:00:39]} 9. a4 {[%emt 0:00:02]} Be6 {[%emt 0:01:04]} 10. b3 {[%emt 0:03:37]} Nd7 {[%emt 0:06:39]} 11. Ng5 {[%emt 0:01:43]} Bxg5 {[%emt 0:00:19]} 12. Bxg5 {[%emt 0:00:02]} f6 {[%emt 0:00:13]} 13. Bd2 {[%emt 0:00:03]} h5 {[%emt 0:00:17]} 14. f4 {[%emt 0:03:26]} h4 {[%emt 0:04:24]} 15. f5 {[%emt 0:00:43]} Bxc4 {[%emt 0:01:46]} 16. bxc4 {[%emt 0:00:15]} hxg3 {[%emt 0:00:08]} 17. hxg3 {[%emt 0:00:03]} a5 {[%emt 0:00:19]} 18. Bf3 {[%emt 0:03:50]} O-O-O {[%emt 0:05:49]} 19. Bh5 {[%emt 0:00:42]} Nb6 {[%emt 0:08:23]} 20. Kg2 {[%emt 0:00:12]} Rdf8 {[%emt 0:03:06]} 21. Rh1 {[%emt 0:01:47]} Nb4 {[%emt 0:02:48]} 22. Qb1 {[%emt 0:07:37]} Kb8 {[%emt 0:17:54]} 23. g4 {[%emt 0:02:33]} Qc6 {[%emt 0:03:27]} 24. Qb3 {[%emt 0:00:04]} Nc8 {[%emt 0:01:35]} 25. Rh3 {[%emt 0:05:19]} Ne7 {[%emt 0:09:00]} 26. Rah1 {[%emt 0:01:07]} Qc8 {[%emt 0:04:50]} 27. Kf2 {[%emt 0:09:04]} Rhg8 {[%emt 0:03:54]} 28. Rf3 {[%emt 0:01:23]} Rh8 {[%emt 0:03:59]} 29. Ke2 {[%emt 0:01:55]} Qc6 {[%emt 0:02:41]} 30. Be1 {[%emt 0:07:34]} Nc8 {[%emt 0:04:49]} 31. Bf2 {[%emt 0:02:55]} Nb6 {[%emt 0:01:39]} 32. Ra1 {[%emt 0:00:01]} Kc7 {[%emt 0:00:43]} 33. Kd2 {[%emt 0:00:45]} Kb8 {[%emt 0:01:19]} 34. Kc1 {[%emt 0:00:52]} Nc8 {[%emt 0:02:31]} 35. Kb2 {[%emt 0:01:09]} Kc7 {[%emt 0:00:47]} 36. Rh3 {[%emt 0:00:34]} Kb8 {[%emt 0:00:24]} 37. Rah1 {[%emt 0:00:16]} Ne7 {[%emt 0:00:20]} 38. Bg3 {[%emt 0:01:58]} Ka8 {[%emt 0:00:55]} 39. R3h2 {[%emt 0:05:17]} Qc8 {[%emt 0:01:30]} 40. Ka3 {[%emt 0:06:35]} Ka7 {[%emt 0:00:08]} 41. Qb1 {[%emt 0:59:39]} Qd7 {[%emt 1:00:26]} 42. g5 {[%emt 0:05:16]} Qc8 {[%emt 0:00:41]} 43. Qd1 {[%emt 0:01:39]} Ka6 {[%emt 0:00:00]} 44. Qe2 {[%emt 0:00:00]} Qc6 {[%emt 0:00:00]} 45. Qd1 {[%emt 0:00:00]} Qc8 {[%emt 0:00:00]} 46. Kb3 {[%emt 0:00:00]} Qc6 {[%emt 0:00:00]} 47. Ka3 {[%emt 0:00:00]} Qc8 {[%emt 0:00:00]} 1/2-1/2

[Event "FIDE Chesscom Grand Swiss 2019"]
[Site "Douglas-Isle of Man"]
[Date "2019.10.15"]
[Round "6.36"]
[White "Cramling, Pia"]
[Black "Danielian, Elina"]
[Result "1/2-1/2"]
[WhiteElo "2462"]
[BlackElo "2385"]
[Annotator "ChessBase"]
[PlyCount "127"]
[EventDate "2019.10.10"]
[EventType "swiss"]
[EventCountry "GBR"]
[SourceTitle "playchess.com"]
[Source "ChessBase"]
[SourceQuality "1"]
[TimeControl "40/6000+30:20/3000+30:900+30"]

1. d4 {[%emt 0:00:00]} d5 {[%emt 0:00:00]} 2. Nf3 {[%emt 0:00:00]} Nf6 {[%emt 0:00:00]} 3. c4 {[%emt 0:00:00]} dxc4 {[%emt 0:00:00]} 4. e3 {[%emt 0:00:00]} e6 {[%emt 0:00:00]} 5. Bxc4 {[%emt 0:00:01]} c5 {[%emt 0:00:00]} 6. O-O {[%emt 0:00:14]} Nc6 {[%emt 0:00:00]} 7. Nc3 {[%emt 0:09:59]} a6 {[%emt 0:00:57]} 8. Bb3 {[%emt 0:07:08]} b5 {[%emt 0:09:39]} 9. dxc5 {[%emt 0:03:05]} Bxc5 {[%emt 0:02:06]} 10. Qxd8+ {[%emt 0:04:27]} Kxd8 {[%emt 0:02:12]} 11. Bd2 {[%emt 0:05:11]} Bb7 {[%emt 0:00:19]} 12. Rfc1 {[%emt 0:17:40]} Bd6 {[%emt 0:02:29]} 13. Ng5 {[%emt 0:01:34]} Ke7 {[%emt 0:00:20]} 14. Nce4 {[%emt 0:02:52]} Nxe4 {[%emt 0:01:19]} 15. Nxe4 {[%emt 0:00:03]} Rhd8 {[%emt 0:01:34]} 16. Nxd6 {[%emt 0:03:32]} Rxd6 {[%emt 0:00:04]} 17. Be1 {[%emt 0:00:19]} Rd7 {[%emt 0:12:05]} 18. Rc5 {[%emt 0:04:22]} Rc8 {[%emt 0:07:07]} 19. Rac1 {[%emt 0:06:05]} Na7 {[%emt 0:09:17]} 20. Rxc8 {[%emt 0:05:40]} Nxc8 {[%emt 0:00:04]} 21. f3 {[%emt 0:00:29]} Na7 {[%emt 0:14:33]} 22. Bb4+ {[%emt 0:00:59]} Ke8 {[%emt 0:03:33]} 23. Bc3 {[%emt 0:00:16]} Kf8 {[%emt 0:01:35]} 24. Kf2 {[%emt 0:02:55]} Nc6 {[%emt 0:05:14]} 25. Rd1 {[%emt 0:02:45]} Rxd1 {[%emt 0:00:46]} 26. Bxd1 {[%emt 0:00:02]} f6 {[%emt 0:04:07]} 27. Bc2 {[%emt 0:03:45]} h6 {[%emt 0:00:05]} 28. h4 {[%emt 0:01:18]} Ke7 {[%emt 0:00:23]} 29. h5 {[%emt 0:03:01]} Kd6 {[%emt 0:06:57]} 30. Be4 {[%emt 0:04:23]} b4 {[%emt 0:14:41]} 31. Bd4 {[%emt 0:01:02]} Nd8 {[%emt 0:01:57]} 32. Bd3 {[%emt 0:02:04]} Nc6 {[%emt 0:07:46]} 33. Bb6 {[%emt 0:01:48]} Ne5 {[%emt 0:01:14]} 34. Be2 {[%emt 0:00:47]} Bd5 {[%emt 0:01:54]} 35. b3 {[%emt 0:06:17]} Bb7 {[%emt 0:00:08]} 36. e4 {[%emt 0:02:37]} Bc8 {[%emt 0:01:41]} 37. Ke3 {[%emt 0:01:15]} Nc6 {[%emt 0:00:50]} 38. f4 {[%emt 0:01:39]} Bb7 {[%emt 0:00:59]} 39. g3 {[%emt 0:05:26]} e5 {[%emt 0:00:37]} 40. Bc4 {[%emt 0:02:42]} Bc8 {[%emt 0:00:40]} 41. Be2 {[%emt 0:51:50]} Nb8 {[%emt 0:11:19]} 42. Kd2 {[%emt 0:00:00]} Bd7 {[%emt 0:01:26]} 43. Ba7 {[%emt 0:00:00]} Nc6 {[%emt 0:00:02]} 44. Be3 {[%emt 0:00:00]} Bc8 {[%emt 0:08:16]} 45. Kd3 {[%emt 0:00:00]} Be6 {[%emt 0:07:28]} 46. Bf2 {[%emt 0:00:00]} Bd7 {[%emt 0:02:32]} 47. Bb6 {[%emt 0:00:00]} Be6 {[%emt 0:03:58]} 48. Bf3 {[%emt 0:00:00]} Bd7 {[%emt 0:01:27]} 49. Ke3 {[%emt 0:00:00]} Nb8 {[%emt 0:02:32]} 50. Be2 {[%emt 0:00:00]} Be6 {[%emt 0:03:48]} 51. fxe5+ {[%emt 0:00:00]} fxe5 {[%emt 0:00:02]} 52. g4 {[%emt 0:00:00]} Bf7 {[%emt 0:06:05]} 53. Bd8 {[%emt 0:00:00]} Nc6 {[%emt 0:00:15]} 54. Bh4 {[%emt 0:00:00]} a5 {[%emt 0:01:41]} 55. g5 {[%emt 0:00:00]} hxg5 {[%emt 0:01:25]} 56. Bxg5 {[%emt 0:00:00]} Nd4 {[%emt 0:00:32]} 57. Bd8 {[%emt 0:00:00]} Nxe2 {[%emt 0:00:45]} 58. Kxe2 {[%emt 0:00:00]} a4 {[%emt 0:00:30]} 59. bxa4 {[%emt 0:01:03]} Bxh5+ {[%emt 0:00:04]} 60. Ke3 {[%emt 0:00:35]} Bf7 {[%emt 0:00:14]} 61. Ba5 {[%emt 0:15:34]} b3 {[%emt 0:18:45]} 62. Bb4+ {[%emt 0:00:34]} Kd7 {[%emt 0:00:08]} 63. axb3 {[%emt 0:00:06]} Bxb3 {[%emt 0:00:02]} 64. a5 {[%emt 0:00:11]} 1/2-1/2

[Event "FIDE Chesscom Grand Swiss 2019"]
[Site "Douglas-Isle of Man"]
[Date "2019.10.15"]
[Round "6.37"]
[White "Batsiashvili, Nino"]
[Black "Arkell, Keith C"]
[Result "1/2-1/2"]
[WhiteElo "2422"]
[BlackElo "2447"]
[Annotator "NA"]
[PlyCount "175"]
[EventDate "2019.10.10"]
[EventType "swiss"]
[EventCountry "GBR"]
[SourceTitle "playchess.com"]
[Source "ChessBase"]
[SourceQuality "1"]
[TimeControl "40/6000+30:20/3000+30:900+30"]

1. Nf3 {[%emt 0:00:00]} d5 {[%emt 0:01:02]} 2. c4 {[%emt 0:00:00]} c6 {[%emt 0:00:45]} 3. b3 {[%emt 0:01:29]} Bg4 {[%emt 0:00:19]} 4. Bb2 {[%emt 0:05:01]} Bxf3 {[%emt 0:00:07]} 5. exf3 {[%emt 0:00:52]} e6 {[%emt 0:02:58]} 6. d4 {[%emt 0:10:32]} g6 {[%emt 0:01:38]} 7. Nd2 {[%emt 0:02:49]} Bg7 {[%emt 0:00:19]} 8. f4 {[%emt 0:00:19]} dxc4 {[%emt 0:03:22]} 9. Nxc4 {[%emt 0:01:59]} Ne7 {[%emt 0:00:10]} 10. Be2 {[%emt 0:02:50]} Nf5 {[%emt 0:03:37]} 11. Ne5 {[%emt 0:05:14]} Qa5+ {[%emt 0:01:24]} 12. Qd2 {[%emt 0:04:38]} Qxd2+ {[%emt 0:00:07]} 13. Kxd2 {[%emt 0:00:04]} O-O {[%emt 0:06:34]} 14. g4 {[%emt 0:10:55]} Ne7 {[%emt 0:00:34]} 15. h4 {[%emt 0:02:07]} Rd8 {[%emt 0:01:58]} 16. Ke3 {[%emt 0:07:10]} Nd7 {[%emt 0:01:08]} 17. h5 {[%emt 0:00:35]} Nd5+ {[%emt 0:22:54]} 18. Kf3 {[%emt 0:00:25]} Nxf4 {[%emt 0:02:22]} 19. Kxf4 {[%emt 0:21:26]} Nxe5 {[%emt 0:00:23]} 20. h6 {[%emt 0:00:04]} Bh8 {[%emt 0:00:49]} 21. dxe5 {[%emt 0:06:01]} Rd2 {[%emt 0:00:07]} 22. Rhe1 {[%emt 0:08:27]} Rxb2 {[%emt 0:02:41]} 23. Rad1 {[%emt 0:01:12]} g5+ {[%emt 0:05:35]} 24. Kf3 {[%emt 0:03:18]} Bxe5 {[%emt 0:10:47]} 25. Rd7 {[%emt 0:00:21]} c5 {[%emt 0:11:53]} 26. Rxb7 {[%emt 0:02:25]} Rxa2 {[%emt 0:02:05]} 27. Bc4 {[%emt 0:05:20]} Bd4 {[%emt 0:00:48]} 28. Re2 {[%emt 0:00:06]} Ra1 {[%emt 0:00:24]} 29. Kg2 {[%emt 0:00:44]} a5 {[%emt 0:00:38]} 30. Bb5 {[%emt 0:01:29]} Rb1 {[%emt 0:03:30]} 31. Bd3 {[%emt 0:00:14]} Ra1 {[%emt 0:02:48]} 32. Bb5 {[%emt 0:01:23]} Rd8 {[%emt 0:00:27]} 33. Rd2 {[%emt 0:00:18]} Rb1 {[%emt 0:01:35]} 34. Ba4 {[%emt 0:02:03]} Rb2 {[%emt 0:10:31]} 35. Rxb2 {[%emt 0:00:10]} Bxb2 {[%emt 0:00:04]} 36. Rb5 {[%emt 0:00:21]} Bd4 {[%emt 0:02:09]} 37. Rxa5 {[%emt 0:00:02]} Kf8 {[%emt 0:00:10]} 38. Bc6 {[%emt 0:01:29]} Rb8 {[%emt 0:04:15]} 39. Ra3 {[%emt 0:00:21]} Ke7 {[%emt 0:04:43]} 40. Be4 {[%emt 0:00:09]} Kf6 {[%emt 0:00:20]} 41. Bc2 {[%emt 0:52:49]} Be5 {[%emt 0:02:15]} 42. Ra6 {[%emt 0:00:00]} Rd8 {[%emt 0:02:02]} 43. Ra4 {[%emt 0:00:00]} Bd6 {[%emt 0:04:55]} 44. Rc4 {[%emt 0:00:00]} Rb8 {[%emt 0:09:20]} 45. Rc3 {[%emt 0:00:00]} Rb4 {[%emt 0:09:09]} 46. Rc4 {[%emt 0:00:00]} Rb8 {[%emt 0:01:26]} 47. Rc3 {[%emt 0:00:00]} Ke7 {[%emt 0:03:07]} 48. Rh3 {[%emt 0:00:00]} Rh8 {[%emt 0:00:06]} 49. Kf1 {[%emt 0:00:00]} Be5 {[%emt 0:04:41]} 50. Ke2 {[%emt 0:00:00]} Bd4 {[%emt 0:00:10]} 51. Kf3 {[%emt 0:00:00]} Kd6 {[%emt 0:02:26]} 52. Kg2 {[%emt 0:00:00]} Ke5 {[%emt 0:00:34]} 53. Kg3 {[%emt 0:00:00]} f5 {[%emt 0:01:49]} 54. Rh5 {[%emt 0:00:00]} Rg8 {[%emt 0:04:50]} 55. Bd3 {[%emt 0:00:00]} Kf6 {[%emt 0:03:33]} 56. gxf5 {[%emt 0:00:00]} Be5+ {[%emt 0:01:11]} 57. Kg2 {[%emt 0:03:30]} exf5 {[%emt 0:00:33]} 58. Rh3 {[%emt 0:00:08]} g4 {[%emt 0:00:22]} 59. Rh5 {[%emt 0:00:06]} Rg5 {[%emt 0:00:16]} 60. Rxg5 {[%emt 0:02:15]} Kxg5 {[%emt 0:00:06]} 61. f3 {[%emt 0:15:03]} Bd6 {[%emt 0:18:30]} 62. fxg4 {[%emt 0:00:11]} Kxg4 {[%emt 0:00:05]} 63. Bc4 {[%emt 0:00:29]} Kg5 {[%emt 0:00:08]} 64. Be6 {[%emt 0:01:38]} Bf8 {[%emt 0:00:12]} 65. Kf3 {[%emt 0:00:40]} Bxh6 {[%emt 0:00:05]} 66. Bc8 {[%emt 0:01:55]} Bf8 {[%emt 0:00:09]} 67. Ba6 {[%emt 0:00:11]} h5 {[%emt 0:00:06]} 68. Bf1 {[%emt 0:00:26]} h4 {[%emt 0:00:06]} 69. Bh3 {[%emt 0:00:07]} Bd6 {[%emt 0:00:08]} 70. Bf1 {[%emt 0:00:22]} Kf6 {[%emt 0:00:05]} 71. Bh3 {[%emt 0:00:30]} Ke5 {[%emt 0:00:05]} 72. Bf1 {[%emt 0:01:21]} Kd4 {[%emt 0:00:05]} 73. Bh3 {[%emt 0:00:03]} Ke5 {[%emt 0:02:41]} 74. Bf1 {[%emt 0:00:05]} Kf6 {[%emt 0:00:03]} 75. Bh3 {[%emt 0:00:05]} Bg3 {[%emt 0:00:04]} 76. Bf1 {[%emt 0:00:30]} Ke5 {[%emt 0:00:05]} 77. Bh3 {[%emt 0:00:26]} f4 {[%emt 0:00:17]} 78. Bc8 {[%emt 0:02:06]} Kd4 {[%emt 0:00:02]} 79. Be6 {[%emt 0:00:05]} Kd3 {[%emt 0:00:07]} 80. Kg4 {[%emt 0:01:05]} Ke4 {[%emt 0:04:12]} 81. Bc8 {[%emt 0:00:24]} Ke3 {[%emt 0:01:19]} 82. Bb7 {[%emt 0:00:03]} Kf2 {[%emt 0:00:04]} 83. Bc6 {[%emt 0:00:20]} f3 {[%emt 0:02:19]} 84. Bd5 {[%emt 0:00:18]} Bd6 {[%emt 0:01:47]} 85. Kxh4 {[%emt 0:00:29]} Ke2 {[%emt 0:01:27]} 86. Kh3 {[%emt 0:00:10]} Bc7 {[%emt 0:00:52]} 87. Bc6 {[%emt 0:00:47]} Ke3 {[%emt 0:01:17]} 88. Bd5 {[%emt 0:00:38]} 1/2-1/2

[Event "FIDE Chesscom Grand Swiss 2019"]
[Site "Douglas-Isle of Man"]
[Date "2019.10.15"]
[Round "6.38"]
[White "Zatonskih, Anna"]
[Black "Atalik, Ekaterina"]
[Result "1-0"]
[WhiteElo "2422"]
[BlackElo "2464"]
[Annotator "ChessBase"]
[PlyCount "107"]
[EventDate "2019.10.10"]
[EventType "swiss"]
[EventCountry "GBR"]
[SourceTitle "playchess.com"]
[Source "ChessBase"]
[SourceQuality "1"]
[TimeControl "40/6000+30:20/3000+30:900+30"]

1. d4 {[%emt 0:00:00]} Nf6 {[%emt 0:00:00]} 2. Nf3 {[%emt 0:00:00]} g6 {[%emt 0:00:04]} 3. g3 {[%emt 0:00:43]} Bg7 {[%emt 0:00:35]} 4. Bg2 {[%emt 0:00:07]} d5 {[%emt 0:00:16]} 5. O-O {[%emt 0:00:49]} O-O {[%emt 0:00:06]} 6. c4 {[%emt 0:01:08]} dxc4 {[%emt 0:00:35]} 7. Na3 {[%emt 0:00:38]} Nc6 {[%emt 0:01:25]} 8. Nxc4 {[%emt 0:00:46]} Be6 {[%emt 0:00:17]} 9. b3 {[%emt 0:00:23]} a5 {[%emt 0:01:02]} 10. Bb2 {[%emt 0:15:32]} a4 {[%emt 0:08:22]} 11. Ng5 {[%emt 0:15:38]} Bd5 {[%emt 0:02:37]} 12. e4 {[%emt 0:05:43]} Bxc4 {[%emt 0:00:58]} 13. bxc4 {[%emt 0:00:01]} a3 {[%emt 0:00:57]} 14. Bc3 {[%emt 0:00:08]} e5 {[%emt 0:03:36]} 15. dxe5 {[%emt 0:19:02]} Nd7 {[%emt 0:01:12]} 16. f4 {[%emt 0:00:20]} Nb6 {[%emt 0:02:47]} 17. Qe2 {[%emt 0:22:51]} Nxe5 {[%emt 0:22:11]} 18. Bb4 {[%emt 0:00:41]} Qd4+ {[%emt 0:09:01]} 19. Kh1 {[%emt 0:00:04]} Qxc4 {[%emt 0:00:31]} 20. Qxc4 {[%emt 0:00:14]} Nexc4 {[%emt 0:00:09]} 21. e5 {[%emt 0:00:07]} Rfb8 {[%emt 0:07:09]} 22. Rfc1 {[%emt 0:00:06]} Ne3 {[%emt 0:05:38]} 23. Bf3 {[%emt 0:06:00]} h6 {[%emt 0:05:44]} 24. Ne4 {[%emt 0:00:07]} Nbd5 {[%emt 0:04:33]} 25. Bc5 {[%emt 0:04:37]} Nf5 {[%emt 0:07:12]} 26. Rab1 {[%emt 0:03:20]} Ra4 {[%emt 0:03:18]} 27. Nc3 {[%emt 0:07:00]} Nxc3 {[%emt 0:00:32]} 28. Rxc3 {[%emt 0:00:01]} b6 {[%emt 0:00:45]} 29. Bc6 {[%emt 0:02:19]} Ra5 {[%emt 0:02:03]} 30. g4 {[%emt 0:02:46]} Nh4 {[%emt 0:00:17]} 31. Bb4 {[%emt 0:02:21]} Ra7 {[%emt 0:00:05]} 32. Rd3 {[%emt 0:00:55]} g5 {[%emt 0:01:49]} 33. f5 {[%emt 0:00:13]} Bxe5 {[%emt 0:04:40]} 34. Rd7 {[%emt 0:00:01]} Raa8 {[%emt 0:01:15]} 35. Re1 {[%emt 0:00:57]} Bf6 {[%emt 0:03:03]} 36. Bxa8 {[%emt 0:00:56]} Rxa8 {[%emt 0:00:04]} 37. Rxc7 {[%emt 0:00:05]} Nf3 {[%emt 0:01:39]} 38. Re3 {[%emt 0:00:30]} Ne5 {[%emt 0:01:53]} 39. h3 {[%emt 0:00:14]} Rd8 {[%emt 0:01:47]} 40. Bc3 {[%emt 0:00:49]} Rd5 {[%emt 0:00:22]} 41. Rb7 {[%emt 0:04:26]} Rb5 {[%emt 0:03:47]} 42. Bxe5 {[%emt 0:01:28]} Bxe5 {[%emt 0:00:25]} 43. Rxa3 {[%emt 0:00:06]} Bd4 {[%emt 0:05:36]} 44. Raa7 {[%emt 0:13:32]} Rb1+ {[%emt 0:00:06]} 45. Kg2 {[%emt 0:00:03]} b5 {[%emt 0:00:07]} 46. Ra8+ {[%emt 0:00:37]} Kg7 {[%emt 0:00:05]} 47. Rd8 {[%emt 0:00:12]} Bc3 {[%emt 0:01:35]} 48. Rdd7 {[%emt 0:01:08]} Kf6 {[%emt 0:00:07]} 49. Kf3 {[%emt 0:08:15]} b4 {[%emt 0:02:20]} 50. Rxf7+ {[%emt 0:03:28]} Ke5 {[%emt 0:00:04]} 51. Rfe7+ {[%emt 0:00:54]} Kd5 {[%emt 0:00:04]} 52. Re2 {[%emt 0:00:54]} Rf1+ {[%emt 0:01:25]} 53. Kg2 {[%emt 0:00:24]} Ra1 {[%emt 0:00:35]} 54. f6 {[%emt 0:01:24]} 1-0